[Event "Elitserien Allsvenskan 2018-19"]
[Site "Sweden"]
[Date "2018.11.11"]
[Round "3"]
[White "Blomqvist, Erik"]
[Black "Westerberg, Jonathan"]
[Result "1/2-1/2"]
[WhiteElo "2491"]
[BlackElo "2523"]
[Annotator "TA"]
[PlyCount "58"]
[EventDate "2018.11.09"]
[EventType "team-tourn"]
[EventCountry "SWE"]
[SourceTitle "playchess.com"]
[Source "ChessBase"]
[SourceQuality "1"]

{[%evp 9,58,26,23,12,22,21,14,18,17,18,29,31,31,31,29,29,30,32,29,20,42,17,20,27,27,8,23,10,30,53,51,34,35,32,25,29,29,29,29,22,15,24,22,0,0,0,0,0,0,0,0]} 1. e4 e5 2. Nf3 Nf6 3. Nxe5 d6 4. Nd3 (4. Nf3 Nxe4 5. d4 d5 6. Bd3 Bd6 7. O-O O-O 8. c4 c6 9. Nc3 Nxc3 10. bxc3 dxc4 11. Bxc4 Bf5 12. Ng5 h6 13. Qf3 Bg6 14. Ne4 Bxh2+ 15. Kxh2 Qh4+ 16. Qh3 Qxh3+ 17. gxh3 Bxe4 18. Rg1 Re8 19. Bxh6 g6 {½-½ (52) Vachier Lagrave,M (2780)-Wang,H (2722) Douglas 2018}) 4... Nxe4 5. Qe2 Qe7 {LiveBook: 14 Games} 6. Nf4 {C42: Petroff Defence: 3 Nxe5 and unusual White 3rd moves} Nf6 (6... Nc6 {looks sharper.} 7. Nd5 Nd4 8. Nxe7 Nxe2 9. Nd5 Nd4) 7. d4 Qxe2+ 8. Bxe2 Bf5 $146 ({Predecessor:} 8... Nc6 9. c3 g6 10. f3 Bg7 11. h4 h5 {½-½ (43) Motylev,A (2659)-Rakhmanov,A (2627) Yaroslavl 2018}) 9. c3 d5 10. f3 h5 11. Bd3 Bxd3 12. Nxd3 Bd6 13. Kf2 Nbd7 14. Re1+ Kf8 15. h4 Re8 16. Rxe8+ Nxe8 17. Be3 c6 18. Nd2 f6 19. c4 Nc7 20. Bf4 (20. c5 {seems wilder.} Be7 21. Nb3 Kf7 22. Na5 Rb8 23. Bf4) 20... Bxf4 21. Nxf4 {[#] Ng6+ is the strong threat.} Kf7 22. cxd5 Nxd5 23. Nxd5 cxd5 $11 {[%mdl 4096] Endgame KRN-KRN} 24. Rc1 Ke6 25. Nf1 Kd6 26. Ng3 {[#] aiming for Nf5+.The position is equal.} g6 27. Ne2 Nb8 28. Ke3 Nc6 29. a3 Ne7 {Accuracy: White = 68%, Black = 79%.} 1/2-1/2

[Event "Elitserien Allsvenskan 2018-19"]
[Site "Sweden"]
[Date "2018.11.11"]
[Round "3"]
[White "Miezis, Normunds"]
[Black "Renman, Nils-Gustaf"]
[Result "1-0"]
[WhiteElo "2477"]
[BlackElo "2351"]
[Annotator "TA"]
[PlyCount "45"]
[EventDate "2018.11.09"]
[EventType "team-tourn"]
[EventCountry "SWE"]
[SourceTitle "playchess.com"]
[Source "ChessBase"]
[SourceQuality "1"]

{[%evp 25,45,26,39,33,33,25,20,31,44,33,64,67,763,758,728,747,734,739,736,739,720,725]} 1. c4 e6 2. e4 d5 3. exd5 exd5 4. d4 Nf6 5. Nc3 Be7 6. Nf3 O-O 7. Be2 c6 8. O-O {[%cal Bh1f1,Bf1e1,Be1e5][%mdl 32]} dxc4 9. Bxc4 Nbd7 10. Re1 {C01: French: Exchange Variation} Nb6 11. Bb3 Bg4 12. h3 Bh5 13. Bg5 Nfd5 {LiveBook: 3 Games} 14. Bxe7 Nxe7 15. Re5 Bxf3 16. Qxf3 Ng6 {[#]} 17. Re4 $146 Qd7 18. Rae1 {Hoping for h4.} Rfe8 $2 {[%mdl 8192]} (18... a5 $14) 19. Rxe8+ $18 {White is clearly winning.} Rxe8 {[#]} 20. Qxf7+ $1 {[%mdl 512]} Qxf7 21. Rxe8+ Nf8 22. Bxf7+ Kxf7 23. Rb8 1-0

[Event "Elitserien Allsvenskan 2018-19"]
[Site "Sweden"]
[Date "2018.11.11"]
[Round "3"]
[White "Johansson, Linus"]
[Black "Malmstig, Erik"]
[Result "1-0"]
[WhiteElo "2464"]
[BlackElo "2333"]
[Annotator "ChessBase"]
[PlyCount "85"]
[EventDate "2018.11.09"]
[EventType "team-tourn"]
[EventCountry "SWE"]
[SourceTitle "playchess.com"]
[Source "ChessBase"]
[SourceQuality "1"]
[TimeControl "40/5400+30:1800+30"]

1. Nf3 {[%emt 0:00:00]} Nf6 {[%emt 0:00:00]} 2. g3 {[%emt 0:00:00]} d5 {[%emt 0:00:27]} 3. Bg2 {[%emt 0:00:00]} c6 {[%emt 0:01:13]} 4. O-O {[%emt 0:00:11]} Bg4 {[%emt 0:00:19]} 5. h3 {[%emt 0:00:23]} Bf5 {[%emt 0:00:28]} 6. d3 {[%emt 0:00:14]} h6 {[%emt 0:05:20]} 7. Nbd2 {[%emt 0:01:08]} Nbd7 {[%emt 0:00:25]} 8. Re1 {[%emt 0:06:19]} e5 {[%emt 0:03:31]} 9. e4 {[%emt 0:00:27]} dxe4 {[%emt 0:00:32]} 10. dxe4 {[%emt 0:00:07]} Be6 {[%emt 0:00:43]} 11. b3 {[%emt 0:01:38]} Qc7 {[%emt 0:10:14]} 12. Bb2 {[%emt 0:01:34]} a5 {[%emt 0:03:32]} 13. Qe2 {[%emt 0:02:46]} Nh7 {[%emt 0:10:07]} 14. Nc4 {[%emt 0:03:17]} f6 {[%emt 0:00:06]} 15. Nh4 {[%emt 0:03:35]} Bf7 {[%emt 0:11:59]} 16. Red1 {[%emt 0:00:33]} b5 {[%emt 0:01:28]} 17. Ne3 {[%emt 0:01:58]} a4 {[%emt 0:02:21]} 18. Bf3 {[%emt 0:09:22]} g6 {[%emt 0:09:05]} 19. Bg2 {[%emt 0:09:22]} Ng5 {[%emt 0:06:11]} 20. Ng4 {[%emt 0:07:32]} a3 {[%emt 0:02:06]} 21. Bc1 {[%emt 0:04:52]} O-O-O {[%emt 0:06:28]} 22. c3 {[%emt 0:07:19]} Be7 {[%emt 0:07:16]} 23. b4 {[%emt 0:00:46]} Nb6 {[%emt 0:05:35]} 24. Rxd8+ {[%emt 0:09:12]} Qxd8 {[%emt 0:01:50]} 25. Bxa3 {[%emt 0:00:50]} Qg8 {[%emt 0:02:32]} 26. Bc1 {[%emt 0:01:54]} Be6 {[%emt 0:00:40]} 27. Be3 {[%emt 0:06:29]} Na4 {[%emt 0:01:54]} 28. Qd2 {[%emt 0:00:29]} Nf7 {[%emt 0:01:31]} 29. a3 {[%emt 0:03:19]} h5 {[%emt 0:01:04]} 30. Nh2 {[%emt 0:00:08]} Nd6 {[%emt 0:00:22]} 31. Nf1 {[%emt 0:00:42]} Kc7 {[%emt 0:02:15]} 32. Qe1 {[%emt 0:01:50]} Nc4 {[%emt 0:02:23]} 33. Nd2 {[%emt 0:00:55]} Ncb2 {[%emt 0:00:26]} 34. Qc1 {[%emt 0:01:58]} f5 {[%emt 0:00:42]} 35. Ndf3 {[%emt 0:02:41]} Nd3 {[%emt 0:00:48]} 36. Qd2 {[%emt 0:00:25]} fxe4 {[%emt 0:00:33]} 37. Ng5 {[%emt 0:00:32]} Bxg5 {[%emt 0:00:15]} 38. Bxg5 {[%emt 0:00:10]} Bf5 {[%emt 0:01:28]} 39. Qe3 {[%emt 0:02:30]} Qc4 {[%emt 0:00:47]} 40. Qa7+ {[%emt 0:00:18]} Kd6 {[%emt 0:00:26]} 41. Nxf5+ {[%emt 0:30:23]} gxf5 {[%emt 0:30:09]} 42. Qe7+ {[%emt 0:00:07]} Kd5 {[%emt 0:00:10]} 43. Qd7# {[%emt 0:00:04]} 1-0

[Event "Elitserien Allsvenskan 2018-19"]
[Site "Sweden"]
[Date "2018.11.11"]
[Round "3"]
[White "Gdanski, Jacek"]
[Black "Cramling, Pia"]
[Result "1/2-1/2"]
[WhiteElo "2460"]
[BlackElo "2456"]
[Annotator "TA"]
[PlyCount "41"]
[EventDate "2018.11.09"]
[EventType "team-tourn"]
[EventCountry "SWE"]
[SourceTitle "playchess.com"]
[Source "ChessBase"]
[SourceQuality "1"]

{[%evp 10,41,37,8,59,-277,52,-226,55,-129,34,25,76,12,12,0,0,0,9,-65,310,-924,329,-978,555,-917,79,-816,-649,-1547,-335,-1988,-793,-1435]} 1. e4 c5 2. Nf3 e6 3. d4 cxd4 4. Nxd4 Nc6 5. Nc3 a6 6. f4 {LiveBook: 256 Games} b6 $146 {B46: Sicilian: Taimanov: 5 Nc3 a6} (6... Nf6 $11) ({Predecessor:} 6... Nxd4 7. Qxd4 b5 8. Be2 Bb7 9. Be3 Rc8 10. a3 Nf6 11. Bf3 Rc4 12. Qd3 Qc7 13. O-O Bc5 14. Kh1 Bxe3 15. Qxe3 Qc5 {0-1 (53) Arribas Lopez,A (2559)-Ponomariov,R (2711) Linares 2015}) 7. Bd3 $2 {[%mdl 8192] [#]} (7. Nxc6 $14 dxc6 8. Qxd8+ Kxd8 9. Be3) 7... Nf6 $2 ({Black should play} 7... Nxd4 $19 8. Be3 Nc6) 8. O-O $2 {[%mdl 8192]} (8. Nxc6 $14 dxc6 9. Be3) 8... Be7 $2 (8... Bc5 $19 9. Be3 Bxd4 10. Bxd4 Nxd4) 9. Kh1 $2 (9. Be3 $14 {stays ahead.}) 9... Bb7 $2 (9... Nxd4 $17 10. e5 Nd5 11. Nxd5 exd5) 10. Be3 $14 O-O (10... h5 $11 {remains equal.}) 11. Qf3 ({White should try} 11. e5 $16) 11... Nb4 $11 12. Qh3 Nxd3 13. cxd3 b5 14. e5 (14. a3 $11) 14... Qc8 $2 {[%mdl 8192]} (14... Nd5 $15 {keeps the upper hand.}) 15. Qxe6 $4 {[%mdl 8192]} (15. exf6 $18 Bxf6 16. Rac1) 15... b4 $4 {[%mdl 8192]} (15... dxe6 $19 {and life is good for Black.} 16. exf6 Bxf6) 16. f5 $4 {[%mdl 8192]} (16. Qxe7 $18 bxc3 17. exf6) 16... b3 $4 {[%mdl 8192]} ({And not} 16... bxc3 17. Qxe7 Re8 18. Qa3 $11) (16... dxe6 $19 {avoids the disaster.} 17. exf6 Bxf6) 17. h3 $4 {[%mdl 8192]} (17. Qxe7 $18 Re8 18. Qd6) 17... Re8 $2 (17... dxe6 $19 18. exf6 Bxf6 19. Nxb3 exf5) 18. Ne4 $2 {[%mdl 8192]} (18. Qxb3 $16 Bc5 19. Nf3 (19. exf6 Rxe3 20. Nf3 Bxf3 $14) 19... Bxe3 20. exf6) 18... Nxe4 19. f6 {[#] Strongly threatening Qg4.} h5 $2 (19... Ng3+ 20. Kg1 dxe6) 20. Qd6 $2 (20. Qxb3 Ng3+ 21. Kh2 Nxf1+ 22. Rxf1 Bxf6 23. exf6 Rxe3 24. fxg7 Qc7+ 25. Kg1) 20... Kh7 (20... Ng3+ $142 21. Kg1 Bxd6) 21. Kg1 {[%mdl 32768] Precision: White =  1%, Black = 12%. . An unexpected result.} 1/2-1/2

[Event "Elitserien Allsvenskan 2018-19"]
[Site "Sweden"]
[Date "2018.11.11"]
[Round "3"]
[White "Wedberg, Tom"]
[Black "Vernersson, Per"]
[Result "1/2-1/2"]
[WhiteElo "2439"]
[BlackElo "2296"]
[Annotator "NA RC"]
[PlyCount "61"]
[EventDate "2018.11.09"]
[EventType "team-tourn"]
[EventCountry "SWE"]
[SourceTitle "playchess.com"]
[Source "ChessBase"]
[SourceQuality "1"]
[TimeControl "40/5400+30:1800+30"]

1. e4 {[%emt 0:06:40]} c6 {[%emt 0:00:00]} 2. d4 {[%emt 0:00:08]} d5 {[%emt 0:00:00]} 3. Nd2 {[%emt 0:00:05]} dxe4 {[%emt 0:00:00]} 4. Nxe4 {[%emt 0:00:06]} Nd7 {[%emt 0:00:16]} 5. Bc4 {[%emt 0:00:26]} Ngf6 {[%emt 0:00:16]} 6. Ng5 {[%emt 0:00:07]} e6 {[%emt 0:00:20]} 7. Qe2 {[%emt 0:00:05]} Nb6 {[%emt 0:00:27]} 8. Bd3 {[%emt 0:00:05]} h6 {[%emt 0:00:36]} 9. N5f3 {[%emt 0:00:05]} Nbd7 {[%emt 0:03:14]} 10. Bd2 {[%emt 0:10:19]} c5 {[%emt 0:01:36]} 11. O-O-O {[%emt 0:01:35]} cxd4 {[%emt 0:05:42]} 12. Nxd4 {[%emt 0:04:37]} Nc5 {[%emt 0:00:38]} 13. Bb5+ {[%emt 0:02:56]} Bd7 {[%emt 0:00:50]} 14. Ngf3 {[%emt 0:02:05]} a6 {[%emt 0:02:35]} 15. Bxd7+ {[%emt 0:03:47]} Qxd7 {[%emt 0:01:00]} 16. Kb1 {[%emt 0:08:02]} Be7 {[%emt 0:15:16]} 17. Bf4 {[%emt 0:06:28]} Qa4 {[%emt 0:08:05]} 18. b3 {[%emt 0:15:03]} Qa5 {[%emt 0:04:50]} 19. Bd2 {[%emt 0:03:06]} Qb6 {[%emt 0:01:59]} 20. Ne5 {[%emt 0:13:15]} Nce4 {[%emt 0:02:18]} 21. Be1 {[%emt 0:01:33]} Qc7 {[%emt 0:04:59]} 22. Nc4 {[%emt 0:04:46]} b5 {[%emt 0:01:46]} 23. f3 {[%emt 0:03:09]} bxc4 {[%emt 0:00:59]} 24. fxe4 {[%emt 0:00:14]} O-O {[%emt 0:00:21]} 25. Rf1 {[%emt 0:04:55]} Rfc8 {[%emt 0:05:46]} 26. Rf3 {[%emt 0:00:57]} Qe5 {[%emt 0:00:59]} 27. Re3 {[%emt 0:00:33]} a5 {[%emt 0:03:42]} 28. Bg3 {[%emt 0:04:26]} Qg5 {[%emt 0:03:54]} 29. Nf3 {[%emt 0:02:15]} Qc5 {[%emt 0:07:35]} 30. Rc3 {[%emt 0:00:13]} Qb4 {[%emt 0:00:21]} 31. Be1 {[%emt 0:00:13]} 1/2-1/2

[Event "Elitserien Allsvenskan 2018-19"]
[Site "Sweden"]
[Date "2018.11.11"]
[Round "3"]
[White "Sagit, Rauan"]
[Black "Ornstein, Axel"]
[Result "1-0"]
[WhiteElo "2429"]
[BlackElo "2306"]
[Annotator "TA"]
[PlyCount "59"]
[EventDate "2018.11.09"]
[EventType "team-tourn"]
[EventCountry "SWE"]
[SourceTitle "playchess.com"]
[Source "ChessBase"]
[SourceQuality "1"]

{[%evp 17,59,-60,-58,-94,-79,-83,-78,-81,-80,-89,-56,-81,-78,-80,-87,-117,-117,-118,-128,-144,-144,-159,-108,-104,-104,-117,-89,-117,-118,-103,-83,-130,-139,-102,246,231,282,291,416,418,419,403,988,1009]} 1. g3 e5 2. Bg2 d5 3. c4 d4 4. d3 Nf6 5. Nf3 Nc6 6. O-O Be7 7. a3 {A09: Reti-Eröffnung} (7. b4 Nxb4 8. Nxe5 O-O 9. Bb2 c5 10. a3 Na6 11. Nd2 Nc7 12. e3 Ne6 13. Nb3 dxe3 14. fxe3 a5 15. Qe2 a4 {0-1 (53) Fridman,D (2633)-Warakomski,T (2537) Katowice 2017}) 7... a5 8. Nbd2 O-O 9. Ne1 Bf5 $146 {LiveBook: 6 Partien} ({Vorgänger:} 9... Ra6 10. Ne4 Nxe4 11. Bxe4 Be6 12. Nf3 f6 13. Bd2 Qd7 14. b4 axb4 15. axb4 Rxa1 16. Qxa1 Nxb4 17. Bxb7 {½-½ (63) Papapetropoulos,P (2032)-Ponirakis,D (2026) Athens 2006}) 10. h3 h6 11. Rb1 Qd7 12. Kh2 Rfe8 13. Qc2 Bf8 14. g4 Bh7 15. Ne4 Nxe4 16. dxe4 a4 17. Bd2 {[%cal Bc1d2,Bd2e1,Be1g3,Bg3e5][%mdl 32]} Na5 18. Nd3 Nb3 19. Be1 h5 (19... b5 $142 20. cxb5 Qxb5) 20. f3 hxg4 21. hxg4 Ra6 22. Bg3 Rh6+ 23. Kg1 Nc5 24. Nxe5 Rxe5 25. Bxe5 {[#] zielt auf Tbd1 ab.} d3 $2 {[%mdl 8192]} (25... Bd6 $17 {hält den Druck.} 26. Bxd6 Qxd6) 26. exd3 $18 Nxd3 {Droht ...Lc5+ und aus.} 27. Rfd1 Bc5+ (27... Qe7 $142) 28. Kf1 Bxe4 29. fxe4 Qxg4 (29... Qe6 $142 30. Qxd3 Qxe5) 30. Rxd3 {Precision: Weiß = 57%, Schwarz = 48%.} 1-0

[Event "Elitserien Allsvenskan 2018-19"]
[Site "Sweden"]
[Date "2018.11.11"]
[Round "3"]
[White "Ertan, Can"]
[Black "Salomon, Johan"]
[Result "1/2-1/2"]
[WhiteElo "2416"]
[BlackElo "2485"]
[Annotator "ChessBase"]
[PlyCount "52"]
[EventDate "2018.11.09"]
[EventType "team-tourn"]
[EventCountry "SWE"]
[SourceTitle "playchess.com"]
[Source "ChessBase"]
[SourceQuality "1"]
[TimeControl "40/5400+30:1800+30"]

1. e4 {[%emt 0:00:00]} c5 {[%emt 0:00:00]} 2. Nf3 {[%emt 0:00:00]} d6 {[%emt 0:00:00]} 3. c3 {[%emt 0:00:00]} Nf6 {[%emt 0:00:15]} 4. Qc2 {[%emt 0:00:00]} Qc7 {[%emt 0:00:54]} 5. Bc4 {[%emt 0:00:00]} Bg4 {[%emt 0:00:34]} 6. d3 {[%emt 0:12:52]} Bxf3 {[%emt 0:03:14]} 7. gxf3 {[%emt 0:00:05]} e6 {[%emt 0:01:31]} 8. Qe2 {[%emt 0:01:52]} Nc6 {[%emt 0:03:17]} 9. f4 {[%emt 0:02:23]} O-O-O {[%emt 0:01:17]} 10. Bb3 {[%emt 0:00:02]} g6 {[%emt 0:06:44]} 11. Nd2 {[%emt 0:07:31]} Bh6 {[%emt 0:13:44]} 12. Nf3 {[%emt 0:02:15]} d5 {[%emt 0:02:52]} 13. Ng5 {[%emt 0:07:32]} dxe4 {[%emt 0:24:01]} 14. dxe4 {[%emt 0:05:03]} Nh5 {[%emt 0:00:14]} 15. Qe3 {[%emt 0:00:52]} Bxg5 {[%emt 0:01:49]} 16. fxg5 {[%emt 0:00:09]} Ne5 {[%emt 0:00:11]} 17. Bc2 {[%emt 0:00:54]} h6 {[%emt 0:07:43]} 18. f4 {[%emt 0:09:41]} Nc4 {[%emt 0:00:22]} 19. Qe2 {[%emt 0:00:07]} Nb6 {[%emt 0:02:50]} 20. Rf1 {[%emt 0:04:26]} hxg5 {[%emt 0:01:20]} 21. fxg5 {[%emt 0:00:05]} Rhf8 {[%emt 0:05:15]} 22. Bd2 {[%emt 0:00:30]} Nd7 {[%emt 0:00:42]} 23. O-O-O {[%emt 0:00:45]} Ne5 {[%emt 0:00:15]} 24. Be3 {[%emt 0:01:37]} a6 {[%emt 0:01:51]} 25. Kb1 {[%emt 0:06:03]} Rxd1+ {[%emt 0:01:00]} 26. Rxd1 {[%emt 0:00:49]} Rd8 {[%emt 0:01:04]} 1/2-1/2

[Event "Elitserien Allsvenskan 2018-19"]
[Site "Sweden"]
[Date "2018.11.11"]
[Round "3"]
[White "Sammalvuo, Tapani"]
[Black "Holm, Kristian Stuvik"]
[Result "1/2-1/2"]
[WhiteElo "2411"]
[BlackElo "2467"]
[Annotator "TA"]
[PlyCount "96"]
[EventDate "2018.11.09"]
[EventType "team-tourn"]
[EventCountry "SWE"]
[SourceTitle "playchess.com"]
[Source "ChessBase"]
[SourceQuality "1"]

{[%evp 23,96,16,11,16,21,0,0,0,0,0,0,0,0,-9,0,0,0,0,0,0,0,-8,0,0,0,0,0,-4,-5,-11,-24,-27,-22,-14,-11,-25,-50,-39,-36,-37,-38,-39,-9,-12,-8,-8,-8,-8,-8,-8,-8,-25,0,0,0,0,0,0,0,0,0,-8,-8,-8,0,0,0,0,0,0,0,-7,0,0,0]} 1. d4 Nf6 2. c4 g6 3. Nc3 d5 4. Nf3 Bg7 5. Bg5 Ne4 6. Bf4 Nxc3 7. bxc3 c5 8. cxd5 Qxd5 9. e3 O-O 10. Be2 cxd4 11. cxd4 Qa5+ 12. Qd2 Nc6 13. Qxa5 {D80: Grünfeld: Unusual White 4th moves and 4 Bg5} Nxa5 14. Bc7 (14. Kd2 Be6 15. Rhc1 Rfc8 16. Bd3 Rxc1 17. Kxc1 Rc8+ 18. Kd2 Bd5 19. e4 Bc4 20. Rc1 b5 {½-½ (48) So,W (2780)-Wei,Y (2729) chess.com INT 2018}) 14... Nc6 15. O-O Bf5 16. Rfc1 $146 ({Predecessor:} 16. a4 Rac8 17. Bg3 Na5 18. Ra2 Be6 19. Rb2 Bc4 20. Bxc4 Rxc4 {½-½ (29) Camarena Gimenez,R (2352)-Rojo Huerta,G (2382) Ciudad Real 2004}) 16... Rac8 17. Bg3 Nb4 18. Ne1 Rxc1 19. Rxc1 Rc8 20. Rxc8+ Bxc8 21. Bc4 e6 22. a3 Nc6 23. Bd6 Bf8 24. Bxf8 Kxf8 $11 {[%mdl 4096] Endgame KBN-KBN} 25. Nd3 Ke7 26. f4 Na5 27. Ba2 b6 28. Kf2 Ba6 29. Nb4 Bc4 30. Bb1 Bb5 31. Bc2 Nc4 32. a4 Bd7 33. Na2 b5 34. axb5 Bxb5 35. Nc3 Bc6 36. Bd3 Nb6 37. Ba6 Nd5 38. Nxd5+ $1 {The position is equal.} Bxd5 {KB-KB} 39. g4 f6 40. g5 fxg5 41. fxg5 e5 42. e4 Bxe4 43. Ke3 Bc6 44. dxe5 Ke6 45. Kd4 $1 Ke7 46. h4 Bd7 47. Kd5 Be8 48. Ke4 Bc6+ {Accuracy: White = 57%, Black = 81%.} 1/2-1/2

[Event "Elitserien Allsvenskan 2018-19"]
[Site "Sweden"]
[Date "2018.11.11"]
[Round "3"]
[White "Ahlander, Bjorn"]
[Black "Degerman, Lars"]
[Result "1/2-1/2"]
[WhiteElo "2409"]
[BlackElo "2460"]
[Annotator "TA"]
[PlyCount "64"]
[EventDate "2018.11.09"]
[EventType "team-tourn"]
[EventCountry "SWE"]
[SourceTitle "playchess.com"]
[Source "ChessBase"]
[SourceQuality "1"]

{[%evp 29,64,0,0,0,0,0,0,0,0,0,0,0,0,0,0,-4,-8,-4,-4,0,0,0,0,-3,0,-2,-4,-5,0,0,0,0,0,0,0,0,0]} 1. d4 Nf6 2. c4 g6 3. Nc3 d5 4. Nf3 Bg7 5. Qb3 dxc4 6. Qxc4 O-O 7. e4 a6 8. Be2 b5 9. Qb3 c5 10. dxc5 Be6 11. Qc2 {D97: Grünfeld: Russian System: 7 e4, replies other than 7...Bg4} Nbd7 12. Be3 Rc8 13. c6 Rxc6 {[#]} 14. Nd4 $146 Rd6 15. Nxe6 Rxe6 {LiveBook: 11 Games. The position is equal.} 16. O-O Qc7 {[#] ...b4 is the strong threat.} 17. Rac1 Nxe4 18. Nxe4 Qxc2 19. Rxc2 {Hoping for Rd1.} Rxe4 20. b3 Re6 21. Rfc1 Nf6 22. Rc6 Rxc6 23. Rxc6 Nd5 24. Bd2 Ra8 25. Bf3 e6 26. Rd6 Bf8 27. Bxd5 exd5 28. Rxd5 $11 {KRB-KRB} Rc8 29. Kf1 Rc6 30. a4 bxa4 31. bxa4 Bd6 32. Rd4 f6 {Accuracy: White = 97%, Black = 81%.} ({Of course not} 32... Bxh2 $6 33. g3 $16) 1/2-1/2

[Event "Elitserien Allsvenskan 2018-19"]
[Site "Sweden"]
[Date "2018.11.11"]
[Round "3"]
[White "Jepson, Christian"]
[Black "Larsson, Johan"]
[Result "1/2-1/2"]
[WhiteElo "2402"]
[BlackElo "2195"]
[Annotator "NA"]
[PlyCount "88"]
[EventDate "2018.11.09"]
[EventType "team-tourn"]
[EventCountry "SWE"]
[SourceTitle "playchess.com"]
[Source "ChessBase"]
[SourceQuality "1"]
[TimeControl "40/5400+30:1800+30"]

1. d4 {[%emt 0:00:00]} d5 {[%emt 0:00:40]} 2. Nf3 {[%emt 0:00:00]} e6 {[%emt 0:00:58]} 3. c4 {[%emt 0:00:31]} c5 {[%emt 0:01:17]} 4. cxd5 {[%emt 0:02:51]} exd5 {[%emt 0:00:24]} 5. g3 {[%emt 0:00:07]} Nc6 {[%emt 0:01:31]} 6. Bg2 {[%emt 0:00:06]} Nf6 {[%emt 0:00:40]} 7. O-O {[%emt 0:00:17]} Be7 {[%emt 0:01:00]} 8. Nc3 {[%emt 0:00:14]} O-O {[%emt 0:00:23]} 9. dxc5 {[%emt 0:00:07]} Bxc5 {[%emt 0:01:17]} 10. Na4 {[%emt 0:00:38]} Be7 {[%emt 0:05:11]} 11. Be3 {[%emt 0:00:10]} Re8 {[%emt 0:06:52]} 12. Rc1 {[%emt 0:00:52]} Bg4 {[%emt 0:03:07]} 13. Nc5 {[%emt 0:00:40]} Bxc5 {[%emt 0:01:39]} 14. Bxc5 {[%emt 0:00:16]} Qd7 {[%emt 0:00:34]} 15. Re1 {[%emt 0:10:42]} Rad8 {[%emt 0:04:24]} 16. Nd4 {[%emt 0:03:09]} Ne5 {[%emt 0:10:41]} 17. Bxa7 {[%emt 0:05:54]} b6 {[%emt 0:20:11]} 18. Bxb6 {[%emt 0:02:14]} Rb8 {[%emt 0:00:13]} 19. Bc7 {[%emt 0:05:55]} Rxb2 {[%emt 0:01:47]} 20. Bxe5 {[%emt 0:00:10]} Rxe5 {[%emt 0:00:42]} 21. Rc2 {[%emt 0:01:44]} Rb6 {[%emt 0:05:54]} 22. Qa1 {[%emt 0:18:23]} h5 {[%emt 0:05:46]} 23. Rb1 {[%emt 0:08:14]} Rxb1+ {[%emt 0:10:38]} 24. Qxb1 {[%emt 0:00:07]} h4 {[%emt 0:01:24]} 25. Rb2 {[%emt 0:08:24]} g6 {[%emt 0:01:44]} 26. Rb8+ {[%emt 0:08:24]} Kg7 {[%emt 0:00:28]} 27. Qb4 {[%emt 0:01:08]} Nh7 {[%emt 0:06:04]} 28. Qb2 {[%emt 0:07:56]} Nf6 {[%emt 0:00:27]} 29. Rb6 {[%emt 0:00:29]} Qa4 {[%emt 0:02:44]} 30. Bf1 {[%emt 0:09:48]} Qd1 {[%emt 0:01:23]} 31. e3 {[%emt 0:01:45]} hxg3 {[%emt 0:02:07]} 32. hxg3 {[%emt 0:00:05]} Bh3 {[%emt 0:01:18]} 33. Qe2 {[%emt 0:02:08]} Qa1 {[%emt 0:01:11]} 34. Nc2 {[%emt 0:02:18]} Bxf1 {[%emt 0:01:33]} 35. Qxf1 {[%emt 0:00:07]} Qxa2 {[%emt 0:00:12]} 36. Qa1 {[%emt 0:01:15]} Qxa1+ {[%emt 0:00:41]} 37. Nxa1 {[%emt 0:00:04]} d4 {[%emt 0:00:26]} 38. Nc2 {[%emt 0:00:43]} d3 {[%emt 0:00:48]} 39. Nd4 {[%emt 0:00:07]} d2 {[%emt 0:00:29]} 40. Rb1 {[%emt 0:00:16]} Rc5 {[%emt 0:00:37]} 41. Nb3 {[%emt 0:07:11]} Rc2 {[%emt 0:05:59]} 42. Rd1 {[%emt 0:00:20]} Ne4 {[%emt 0:01:42]} 43. f3 {[%emt 0:00:21]} Nxg3 {[%emt 0:01:29]} 44. Kf2 {[%emt 0:01:52]} Nf5 {[%emt 0:03:55]} 1/2-1/2

[Event "Elitserien Allsvenskan 2018-19"]
[Site "Sweden"]
[Date "2018.11.11"]
[Round "3"]
[White "Lokander, Martin"]
[Black "Barkhagen, Jonas"]
[Result "1-0"]
[WhiteElo "2390"]
[BlackElo "2436"]
[Annotator "TA"]
[PlyCount "90"]
[EventDate "2018.11.09"]
[EventType "team-tourn"]
[EventCountry "SWE"]
[SourceTitle "playchess.com"]
[Source "ChessBase"]
[SourceQuality "1"]

{[%evp 14,90,46,12,29,29,29,26,29,37,51,63,50,-6,39,33,45,17,14,0,35,30,59,51,58,54,72,63,52,52,55,55,75,54,87,74,97,88,120,110,96,75,130,130,120,130,117,122,124,102,114,121,121,129,90,8,8,0,8,-2,62,37,124,141,114,122,128,80,269,248,321,309,394,391,378,364,464,446,1228]} 1. c4 e5 2. Nc3 Nf6 3. Nf3 Nc6 4. e3 g6 5. d4 d6 6. Be2 Bg7 7. h3 {A25: English Opening vs King's Indian with ...Nc6 but without early d3} (7. dxe5 Nxe5 8. Nxe5 dxe5 9. Qxd8+ Kxd8 10. e4 Be6 11. Be3 Kc8 12. O-O c6 13. h3 h5 14. Rad1 Bh6 15. Bxh6 Rxh6 16. h4 Kc7 17. g3 Rhh8 {½-½ (39) Le,Q (2728)-Duda,J (2737) Danzhou 2018}) 7... O-O 8. O-O {LiveBook: 3 Games} Bf5 9. d5 {White has an edge.} Nb8 $146 ({Predecessor:} 9... Ne7 10. Nd2 h5 11. e4 Bd7 12. b4 Nh7 13. c5 f5 14. Nc4 Nc8 15. a4 f4 {0-1 (50) Yegiazarian,A (2455)-Khachiyan,M (2440) Yerevan 1996}) 10. g4 Bc8 11. e4 h5 12. Ng5 {[%cal Rg4h5]} Nh7 $1 {[%cal Rh7g5]} 13. h4 ({White should play} 13. Nxh7 $14 Kxh7 14. Kg2) 13... Bf6 {[%cal Rh7g5]} 14. Nxh7 Kxh7 15. Kg2 Bxh4 16. Rh1 Qf6 17. Be3 Bg5 18. gxh5 Bxe3 19. fxe3 Kg7 20. Qe1 Qg5+ 21. Qg3 Qxg3+ 22. Kxg3 Na6 23. a3 Bd7 24. b4 Rh8 25. hxg6 fxg6 26. Nb5 Kf6 27. Bg4 Ke7 (27... Bxg4 $142 28. Kxg4 g5) 28. Bxd7 $16 Kxd7 29. Raf1 Ke7 30. Rxh8 Rxh8 31. Nxa7 {[%mdl 4096] Endgame KRN-KRN} Nb8 32. Nb5 Nd7 33. Nxc7 Nf6 {[#]} 34. Ne6 (34. Kf3 $1 $16) 34... Nxe4+ $11 35. Kg4 Ra8 36. Ra1 Nd2 (36... Rc8 $11) 37. Kg5 Ne4+ (37... Kf7 $14) 38. Kxg6 $16 {Strongly threatening Rf1.} Rg8+ {[#]} 39. Ng7 $1 {Rf1 is the strong threat.} Rf8 40. Nf5+ Kd7 $2 (40... Ke8 $16) 41. Rf1 $18 Nd2 42. Rh1 {aiming for Rh7+.} Nxc4 43. Rh7+ Kc8 44. a4 Rg8+ 45. Kf6 {Hoping for Ne7+.} e4 {Precision: White = 62%, Black = 30%.} (45... Rd8 $142 46. Rh4 e4 47. Rxe4 Nb6) 1-0